000 00648nam a2200205 a 4500
003 PILC
005 20150112093441.0
008 100727s19uu xx 00 eng d
020 _a9715540680
050 _aHF 5351
_b.So714 1989
082 _aSFf 658.4
_bSo6 1989
100 _aSoriano, Emanuel V.
_919425
245 _aBusiness policy in an asian content :
_bText and cases /
_cEmanuel V. Soriano and Lee C. Nehrt
250 _a3d ed.
260 _aManila, Philippines :
_bSinag-tala Publishers, Inc,
_c1989.
300 _a594 pages :
_c19 cm.
650 _aBusiness policy - Asia
_919426
700 _aNehrt, Lee C.
_919427
942 _2lcc
_cBK
999 _c14772
_d14772